Using authentic video in the language classroom
שמור ב:
| מחבר ראשי: | |
|---|---|
| פורמט: | ספר |
| שפה: | אנגלית |
| יצא לאור: |
Cambridge
Cambridge University
2003
|
| מהדורה: | 1a. ed |
| סדרה: | Cambridge Handbooks for Language Teachers
|
| נושאים: | |
| תגים: |
הוספת תג
אין תגיות, היה/י הראשונ/ה לתייג את הרשומה!
|
MARC
| LEADER | 00000nam a2200000 a 4500 | ||
|---|---|---|---|
| 001 | UCG6280 | ||
| 003 | CL-VaPUC | ||
| 008 | 110414e20030000uk |||||||||||||||||eng|d | ||
| 020 | |a 9780521799614 | ||
| 082 | 0 | 4 | |a 371.3078 |b SHE |2 21 |
| 100 | 0 | |a Sherman, Jane |e author |9 556359 | |
| 245 | 1 | 0 | |a Using authentic video in the language classroom |
| 250 | |a 1a. ed | ||
| 300 | |a 277 p | ||
| 942 | |c BK | ||
| 945 | |d 20110414 00:00:00 |a jcampos | ||
| 260 | |a Cambridge |b Cambridge University |c 2003 | ||
| 650 | 0 | |a Medios de comunicación |9 257206 | |
| 650 | 0 | |a Educación lingüística |9 306506 | |
| 650 | 0 | |a Procesos de aprendizaje |9 309161 | |
| 650 | 0 | |a Métodos de enseñanza |9 270413 | |
| 650 | 0 | |a Enseñanza audiovisual |9 268091 | |
| 583 | |a last modification |c 20170905 01:03:29 |k Rodrigo Vera | ||
| 490 | 0 | |a Cambridge Handbooks for Language Teachers | |
| 999 | |c 344549 |d 344547 | ||
| 952 | |0 0 |1 0 |4 0 |6 371_307800000000000_SHE_2003 |7 0 |8 A |9 442577 |a BIBEDU |b BIBEDU |d 2019-11-22 |i 4760727 |o 371.3078 SHE 2003 |p 4760727 |r 2019-11-22 |w 2019-11-22 |y BK |k LIT | ||